| 000 | 00524nam a2200181Ia 4500 | ||
|---|---|---|---|
| 008 | 151018s9999 xx 000 0 und d | ||
| 082 |
_bRBASDV46387 _a891.433 |
||
| 100 | _aधुमकेतू | ||
| 245 | _aध्रुवदेवी | ||
| 250 | _b1 | ||
| 260 |
_bआकाश गंगा प्रकाशन _c2007 |
||
| 300 | _a159 | ||
| 600 | _aधुमकेतू | ||
| 630 | _aध्रुवदेवी | ||
| 700 | _aधुमकेतू | ||
| 730 | _aध्रुवदेवी | ||
| 942 | _cBOOK | ||
| 999 |
_c1045549 _d1045546 |
||